000 01102nam a2200241Ia 4500
001 19512
003 GE_BSU
008 181216s||||||||xx |||||||||||||| ||und||
040 _cGE_BSU
080 _a811.353.1'01'342
100 _aძიძიშვილი, მერი.
245 _aფონეტიკური პროცესები ძველ ქართულში = Фонетические процессы в древнегрузинском языке
245 _cრედაქტორი: ვ.თოფურია;
260 _aთბილისი
260 _bსაქართველოს სსრ მეცნიერებათა აკადემია
260 _c1960.
300 _a163 გვ;22სმ.
300 _bდამატ. თავფურც. რუს. ენ. - რეზუმე რუს. ენ. - ბიბლიოგრ: გვ.156-160.
541 _h1ლ.36თ.
653 _aქართული ენა
653 _aძველი ქართული ენის ფონეტიკა.
942 _cBK
999 _c52489
_d52489